00671nam a2200205Ia 4500003000900000008004100009020001800050040001600068080001900084100002100103245012800124260003600252300001500288650004100303650002600344650002900370700002300399700002400422700001900446IN-BaIIA211028s9999 xx 000 0 eng d a0-8243-0943-x cIIA Library a(05)52bANN-43 aBlandford, Roger 0aAnnual review of astronomy and astrophysicsbvol. 43cRoger Blandford…[et al.]  aPalo AltobAnnual Reviewsc2005 avii, 957p. aAstronomy and astrophysics thesaurus aAstronomy-Periodicals aAstrophysics-Periodicals aBurbidge, Geoffrey aDishoeck, Ewine Van aKormendy, John